| 000 | 01094cam a2200301 a 4500 | ||
|---|---|---|---|
| 999 |
_c9441 _d9441 |
||
| 001 | 32778901 | ||
| 003 | OCoLC | ||
| 005 | 20210114154614.0 | ||
| 008 | 950612s1995 cou bf 000 0 eng | ||
| 010 | _a 95030774 | ||
| 020 | _a1561794066 | ||
| 020 | _a9781561794065 | ||
| 035 | _a(OCoLC)32778901 | ||
| 040 |
_aDLC _cDLC _dOCL _dBTCTA _dOCLCG _dTXBXL |
||
| 050 | 0 | 0 |
_aHQ755.8 _b.A735 1995 |
| 082 | 0 | 0 |
_a649/.1 _220 |
| 092 |
_a649.1 _bA7868 |
||
| 100 | 1 |
_aArterburn, Stephen, _d1953- |
|
| 245 | 1 | 0 |
_aSteering them straight / _cStephen Arterburn & Jim Burns. |
| 260 |
_aColorado Springs, Colo. : _bFocus on the Family Pub., _cc1995. |
||
| 300 |
_a217 p. ; _c22 cm. |
||
| 500 | _a"A parental plan for guiding today's youth through the temptations of: premarital sex, eating disorders, pornography, suicide, satanism, substance abuse"--Cover. | ||
| 504 | _aIncludes bibliographical references (p. 215-217). | ||
| 520 | _aA parental plan for guiding today's youth through temptations. | ||
| 650 | 0 |
_aParenting _vHandbooks, manuals, etc. |
|
| 700 | 1 |
_aBurns, Jim, _d1953- |
|
| 942 |
_2ddc _cBK |
||